| Tag |
First Indicator |
Second Indicator |
Subfields |
| LEADER |
00000nam a2200000 i 4500 |
| 001 |
in00004588821 |
| 006 |
m o d f |
| 007 |
cr c|||||||||| |
| 008 |
220504s2012 vauab ob f000 0 eng c |
| 005 |
20220803193234.7 |
| 035 |
|
|
|a (OCoLC)on1313944648
|
| 040 |
|
|
|a GPO
|b eng
|e rda
|e pn
|c GPO
|d MvI
|
| 042 |
|
|
|a pcc
|
| 043 |
|
|
|a n-us-wa
|
| 049 |
|
|
|a WWW
|
| 074 |
|
|
|a 0624-B-02 (online)
|
| 086 |
0 |
|
|a I 19.42/4-4:2012-5224
|
| 100 |
1 |
|
|a Ely, D. Matthew
|q (David Matthew),
|e author.
|
| 245 |
1 |
0 |
|a Simulation of groundwater and surface-water resources and evaluation of water-management alternatives for the Chamokane Creek Basin, Stevens County, Washington /
|c by D. Matthew Ely and Sue C. Kahle.
|
| 264 |
|
1 |
|a Reston, Virginia :
|b U.S. Department of the Interior, U.S. Geological Survey,
|c 2012.
|
| 300 |
|
|
|a 1 online resource (viii, 74 pages) :
|b illustrations, color maps.
|
| 336 |
|
|
|a text
|b txt
|2 rdacontent
|
| 337 |
|
|
|a computer
|b c
|2 rdamedia
|
| 338 |
|
|
|a online resource
|b cr
|2 rdacarrier
|
| 490 |
1 |
|
|a Scientific investigations report ;
|v 2012-5224
|
| 500 |
|
|
|a "Prepared in cooperation with the United States Bureau of Indian Affairs and the Washington State Department of Ecology."
|
| 500 |
|
|
|a GPO Cataloging Record Distribution Program (CRDP).
|
| 504 |
|
|
|a Includes bibliographical references (pages 71-74).
|
| 588 |
|
|
|a Description based on online resource; title from PDF title page (USGS, viewed May 4, 2022).
|
| 650 |
|
0 |
|a Groundwater
|z Washington (State)
|z Chamokane Creek Watershed.
|
| 650 |
|
0 |
|a Water demand management
|z Washington (State)
|z Chamokane Creek Watershed.
|
| 700 |
1 |
|
|a Kahle, S. C.
|q (Sue C.),
|e author.
|
| 710 |
2 |
|
|a Geological Survey (U.S.),
|e issuing body.
|
| 710 |
1 |
|
|a United States.
|b Bureau of Indian Affairs.
|
| 710 |
1 |
|
|a Washington (State).
|b Department of Ecology.
|
| 830 |
|
0 |
|a Scientific investigations report ;
|v 2012-5224.
|
| 856 |
4 |
0 |
|u https://purl.fdlp.gov/GPO/gpo177668
|t 0
|
| 999 |
f |
f |
|s 1964557f-0ae2-42cb-9ecf-6729c0496dc9
|i 1964557f-0ae2-42cb-9ecf-6729c0496dc9
|t 0
|
| 952 |
f |
f |
|a Texas A&M University
|b College Station
|c Electronic Resources
|d Available Online
|t 0
|e I 19.42/4-4:2012-5224
|h Superintendent of Documents classification
|
| 998 |
f |
f |
|a I 19.42/4-4:2012-5224
|t 0
|l Available Online
|